01294nam a22003254a 4500001001200000003000800012006001900020007001500039008004100054010001700095020001500112040002100127035002100148050002400169082001600193100002800209245008700237260006400324300002500388490005300413504006600466533015200532650001500684655002900699700002600728710001700754830005400771856012600825999001700951ebr10070348CaPaEBRm u cr cn|||||||||020107s2002 enka sb 001 0 eng  z 2002017391 z0521814960 aCaPaEBRcCaPaEBR a(OCoLC)13316911814aQA691b.M395 2002eb04a516.3/52211 aMcMullen, Peter,d1942-10aAbstract regular polytopesh[electronic resource] /cPeter McMullen, Egon Schulte. aCambridge ;aNew York :bCambridge University Press,c2002. axiii, 651 p. :bill.1 aEncyclopedia of mathematics and its applications aIncludes bibliographical references (p. 519-538) and indexes. aElectronic reproduction.bPalo Alto, Calif. :cebrary,d2013.nAvailable via World Wide Web.nAccess may be limited to ebrary affiliated libraries. 0aPolytopes. 7aElectronic books.2local1 aSchulte, Egon,d1955-2 aebrary, Inc. 0aEncyclopedia of mathematics and its applications.40uhttp://site.ebrary.com/lib/rucke/Doc?id=10070348zAn electronic book accessible through the World Wide Web; click to view c31228d31228